000 00415nam a2200169Ia 4500
008 230524s9999 xx 000 0 und d
020 _a9788131515969
082 _a537
_bMIS
100 _aD.P. Mishra
_942881
245 0 _aEngineering Thermodynamics
250 _a2
260 _aNew Delhi
_bCengage
_c2012
300 _a"XIII,505p:"
500 _aQuantity Number: 1
650 _aThermodynamics
942 _cBK
999 _c57853
_d57853